LEADER 00970cam0-2200349---450- 001 990004123870403321 005 20111128144851.0 035 $a000412387 035 $aFED01000412387 035 $a(Aleph)000412387FED01 035 $a000412387 100 $a19990604d1969----km-y0itay50------ba 101 1 $aita 102 $aIT 105 $ay-------001yy 200 1 $aCreatività e conformismo$fClark Moustakas 210 $aRoma$cUbaldini$dc1969 215 $a152 p.$d18 cm 225 1 $a<>libri dell'introspezione$ecollana di saggistica psicologica 610 0 $aCreatività 610 0 $aConformismo 676 $a153.35 700 1$aMoustakas,$bClark E.$0160189 801 0$aIT$bUNINA$gRICA$2UNIMARC 901 $aBK 912 $a990004123870403321 952 $aP.1 PS 96 BIS$bIST.FIL.T. 3103$fNAP03 952 $aP.1 PS 96$bI.P.1072$fFLFBC 959 $aFLFBC 959 $aNAP03 996 $aCreatività e conformismo$9476575 997 $aUNINA LEADER 01496nam2-2200421---450- 001 990000536300203316 005 20091103093254.0 010 $a90-411-1134-4 035 $a0053630 035 $aUSA010053630 035 $a(ALEPH)000053630USA01 035 $a0053630 100 $a20010702d2000----km-y0itay0103----ba 101 $aeng 102 $aNL 105 $a||||||||001yy 200 1 $aDocuments and cases$feditors Gabrielle Kirk McDonald, Olivia Swaak-Goldman$vVol.2,Pt.1-2 210 $aThe Hague [etc.]$cKluwer law international$d2000 215 $a[33],2451 p.,[2] c. di tav.$d25 cm 461 1$10010053591$12001$aSubstantive and procedural aspects of international criminal law 606 $aDiritto internazionale penale 676 $a341.77 702 1$aKIRK McDONALD,$bGabrielle 702 $aSWAAK-GOLDMAN$bOlivia 801 0$aIT$bsalbc$gISBD 912 $a990000536300203316 951 $aXXIII.1.A. 131 2.1 (IG VIII 9 570/2.1)$b29872 G.$cXXIII.1.A. 131 2.1 (IG VIII 9)$d00074872 951 $aXXIII.1.A. 131 2.2a (G VIII 9 570/2.2)$b29873 G.$cXXIII.1.A. 131 2.2a (IG VIII 9)$d00074873 959 $aBK 969 $aGIU 979 $aANGELA$b90$c20010702$lUSA01$h1254 979 $c20020403$lUSA01$h1702 979 $aPATRY$b90$c20040406$lUSA01$h1637 979 $aRSIAV5$b90$c20091014$lUSA01$h1132 979 $aRSIAV5$b90$c20091014$lUSA01$h1143 979 $aRSIAV2$b90$c20091103$lUSA01$h0932 996 $aDocuments and cases$9885557 997 $aUNISA